<?xml version="1.0" encoding="UTF-8"?>
<record
    xmlns:xsi="http://www.w3.org/2001/XMLSchema-instance"
    xsi:schemaLocation="http://www.loc.gov/MARC21/slim http://www.loc.gov/standards/marcxml/schema/MARC21slim.xsd"
    xmlns="http://www.loc.gov/MARC21/slim">

  <leader>00845nim a2200217 a 4500</leader>
  <controlfield tag="005">20170215120801.0</controlfield>
  <controlfield tag="008">140123b2003    ck ||||| |||| 00| 0 spa d</controlfield>
  <datafield tag="040" ind1=" " ind2=" ">
    <subfield code="a">CO-BoIAVH</subfield>
    <subfield code="c">CO-BoIAVH</subfield>
  </datafield>
  <datafield tag="041" ind1=" " ind2=" ">
    <subfield code="a">spa</subfield>
  </datafield>
  <datafield tag="090" ind1=" " ind2=" ">
    <subfield code="a">S-</subfield>
    <subfield code="b">0003</subfield>
  </datafield>
  <datafield tag="100" ind1="1" ind2=" ">
    <subfield code="a">C&#xF3;rdoba C&#xF3;rdoba, Sergio</subfield>
    <subfield code="e">autor</subfield>
    <subfield code="9">4824</subfield>
  </datafield>
  <datafield tag="245" ind1="1" ind2="0">
    <subfield code="a">Gu&#xED;a sonora de las aves del departamento de Norte de Santander :</subfield>
    <subfield code="b">Cucutilla, Toledo y Parque Nacional Natural Tam&#xE1;</subfield>
  </datafield>
  <datafield tag="257" ind1=" " ind2=" ">
    <subfield code="a">Colombia</subfield>
  </datafield>
  <datafield tag="264" ind1=" " ind2=" ">
    <subfield code="a">Bogot&#xE1;:</subfield>
    <subfield code="b">Instituto de Investigaci&#xF3;n de Recursos Biol&#xF3;gicos Alexander von Humboldt.  Colecci&#xF3;n de Sonidos Ambientales</subfield>
    <subfield code="c">2003.</subfield>
  </datafield>
  <datafield tag="300" ind1=" " ind2=" ">
    <subfield code="a">1 DVD</subfield>
    <subfield code="b">51 archivos sonoros</subfield>
  </datafield>
  <datafield tag="650" ind1="1" ind2=" ">
    <subfield code="a">Aves</subfield>
    <subfield code="z">Santander (Dpto)</subfield>
    <subfield code="z">Colombia</subfield>
    <subfield code="9">79684</subfield>
  </datafield>
  <datafield tag="650" ind1=" " ind2=" ">
    <subfield code="a">Canto de aves</subfield>
    <subfield code="z">Santander (Dpto)</subfield>
    <subfield code="z">Colombia</subfield>
    <subfield code="9">79685</subfield>
  </datafield>
  <datafield tag="700" ind1="1" ind2=" ">
    <subfield code="a">Alvarez Rebolledo, Mauricio</subfield>
    <subfield code="e">autor</subfield>
    <subfield code="9">4821</subfield>
  </datafield>
  <datafield tag="942" ind1=" " ind2=" ">
    <subfield code="c">DVD</subfield>
    <subfield code="2">z</subfield>
  </datafield>
  <datafield tag="945" ind1=" " ind2=" ">
    <subfield code="d">2004-10-20</subfield>
  </datafield>
  <datafield tag="999" ind1=" " ind2=" ">
    <subfield code="c">4233</subfield>
    <subfield code="d">4233</subfield>
  </datafield>
  <datafield tag="952" ind1=" " ind2=" ">
    <subfield code="0">0</subfield>
    <subfield code="1">0</subfield>
    <subfield code="2">z</subfield>
    <subfield code="4">0</subfield>
    <subfield code="7">1</subfield>
    <subfield code="8">MEDIOSM</subfield>
    <subfield code="a">Bogota</subfield>
    <subfield code="b">Bogota</subfield>
    <subfield code="d">2012-12-04</subfield>
    <subfield code="e">Banco de Sonidos Ambientales</subfield>
    <subfield code="l">0</subfield>
    <subfield code="o">S-0003</subfield>
    <subfield code="p">018330</subfield>
    <subfield code="r">2012-12-04 00:00:00</subfield>
    <subfield code="t">Ej. 6</subfield>
    <subfield code="w">2012-12-04</subfield>
    <subfield code="x">Institucional</subfield>
    <subfield code="y">DVD</subfield>
  </datafield>
  <datafield tag="952" ind1=" " ind2=" ">
    <subfield code="0">0</subfield>
    <subfield code="1">0</subfield>
    <subfield code="2">z</subfield>
    <subfield code="4">0</subfield>
    <subfield code="7">0</subfield>
    <subfield code="8">MEDIOSM</subfield>
    <subfield code="a">Bogota</subfield>
    <subfield code="b">Bogota</subfield>
    <subfield code="d">2012-12-04</subfield>
    <subfield code="e">Colecci&#xF3;n de Sonidos Ambientales</subfield>
    <subfield code="l">0</subfield>
    <subfield code="o">S-0003</subfield>
    <subfield code="p">018378</subfield>
    <subfield code="r">2012-12-04 00:00:00</subfield>
    <subfield code="t">Ej. 1</subfield>
    <subfield code="w">2012-12-04</subfield>
    <subfield code="x">Institucional</subfield>
    <subfield code="y">DVD</subfield>
  </datafield>
  <datafield tag="952" ind1=" " ind2=" ">
    <subfield code="0">0</subfield>
    <subfield code="1">0</subfield>
    <subfield code="2">z</subfield>
    <subfield code="4">0</subfield>
    <subfield code="7">1</subfield>
    <subfield code="8">MEDIOSM</subfield>
    <subfield code="a">Bogota</subfield>
    <subfield code="b">Bogota</subfield>
    <subfield code="d">2012-12-04</subfield>
    <subfield code="e">Banco de Sonidos Ambientales</subfield>
    <subfield code="l">0</subfield>
    <subfield code="o">S-0003</subfield>
    <subfield code="p">018379</subfield>
    <subfield code="r">2012-12-04 00:00:00</subfield>
    <subfield code="t">Ej. 9</subfield>
    <subfield code="w">2012-12-04</subfield>
    <subfield code="x">Institucional</subfield>
    <subfield code="y">DVD</subfield>
  </datafield>
  <datafield tag="952" ind1=" " ind2=" ">
    <subfield code="0">0</subfield>
    <subfield code="1">0</subfield>
    <subfield code="2">z</subfield>
    <subfield code="4">0</subfield>
    <subfield code="7">1</subfield>
    <subfield code="8">MEDIOSM</subfield>
    <subfield code="a">Bogota</subfield>
    <subfield code="b">Bogota</subfield>
    <subfield code="d">2012-12-04</subfield>
    <subfield code="e">Banco de Sonidos Ambientales</subfield>
    <subfield code="l">0</subfield>
    <subfield code="o">S-0003</subfield>
    <subfield code="p">018380</subfield>
    <subfield code="r">2012-12-04 00:00:00</subfield>
    <subfield code="t">Ej. 8</subfield>
    <subfield code="w">2012-12-04</subfield>
    <subfield code="x">Institucional</subfield>
    <subfield code="y">DVD</subfield>
  </datafield>
  <datafield tag="952" ind1=" " ind2=" ">
    <subfield code="0">0</subfield>
    <subfield code="1">0</subfield>
    <subfield code="2">z</subfield>
    <subfield code="4">0</subfield>
    <subfield code="7">1</subfield>
    <subfield code="8">MEDIOSM</subfield>
    <subfield code="a">Bogota</subfield>
    <subfield code="b">Bogota</subfield>
    <subfield code="d">2012-12-04</subfield>
    <subfield code="e">Banco de Sonidos Ambientales</subfield>
    <subfield code="l">0</subfield>
    <subfield code="o">S-0003</subfield>
    <subfield code="p">018381</subfield>
    <subfield code="r">2012-12-04 00:00:00</subfield>
    <subfield code="t">Ej. 7</subfield>
    <subfield code="w">2012-12-04</subfield>
    <subfield code="x">Institucional</subfield>
    <subfield code="y">DVD</subfield>
  </datafield>
  <datafield tag="952" ind1=" " ind2=" ">
    <subfield code="0">0</subfield>
    <subfield code="1">0</subfield>
    <subfield code="2">z</subfield>
    <subfield code="4">0</subfield>
    <subfield code="7">0</subfield>
    <subfield code="8">HUMBOLDT</subfield>
    <subfield code="a">Bogota</subfield>
    <subfield code="b">Bogota</subfield>
    <subfield code="d">2012-12-04</subfield>
    <subfield code="e">Banco de Sonidos Ambientales</subfield>
    <subfield code="l">0</subfield>
    <subfield code="o">IAvH-00306</subfield>
    <subfield code="p">018382</subfield>
    <subfield code="r">2012-12-04 00:00:00</subfield>
    <subfield code="t">Ej. 3</subfield>
    <subfield code="w">2012-12-04</subfield>
    <subfield code="y">DVD</subfield>
  </datafield>
  <datafield tag="952" ind1=" " ind2=" ">
    <subfield code="0">0</subfield>
    <subfield code="1">0</subfield>
    <subfield code="2">z</subfield>
    <subfield code="4">0</subfield>
    <subfield code="7">0</subfield>
    <subfield code="8">MEDIOSM</subfield>
    <subfield code="a">Bogota</subfield>
    <subfield code="b">Bogota</subfield>
    <subfield code="d">2017-02-15</subfield>
    <subfield code="l">0</subfield>
    <subfield code="o">S-0003</subfield>
    <subfield code="p">042450</subfield>
    <subfield code="r">2017-02-15 00:00:00</subfield>
    <subfield code="t">Ej. 2</subfield>
    <subfield code="w">2017-02-15</subfield>
    <subfield code="x">Institucional</subfield>
    <subfield code="y">DVD</subfield>
  </datafield>
  <datafield tag="952" ind1=" " ind2=" ">
    <subfield code="0">0</subfield>
    <subfield code="1">0</subfield>
    <subfield code="2">z</subfield>
    <subfield code="4">0</subfield>
    <subfield code="7">1</subfield>
    <subfield code="8">MEDIOSM</subfield>
    <subfield code="a">Bogota</subfield>
    <subfield code="b">Bogota</subfield>
    <subfield code="d">2017-02-15</subfield>
    <subfield code="l">0</subfield>
    <subfield code="o">S-0003</subfield>
    <subfield code="p">042451</subfield>
    <subfield code="r">2017-02-15 00:00:00</subfield>
    <subfield code="t">Ej.  4</subfield>
    <subfield code="w">2017-02-15</subfield>
    <subfield code="x">Institucional</subfield>
    <subfield code="y">DVD</subfield>
  </datafield>
  <datafield tag="952" ind1=" " ind2=" ">
    <subfield code="0">0</subfield>
    <subfield code="1">0</subfield>
    <subfield code="2">z</subfield>
    <subfield code="4">0</subfield>
    <subfield code="7">1</subfield>
    <subfield code="8">MEDIOSM</subfield>
    <subfield code="a">Bogota</subfield>
    <subfield code="b">Bogota</subfield>
    <subfield code="d">2017-02-15</subfield>
    <subfield code="l">0</subfield>
    <subfield code="o">S-0003</subfield>
    <subfield code="p">042452</subfield>
    <subfield code="r">2017-02-15 00:00:00</subfield>
    <subfield code="t">Ej. 5</subfield>
    <subfield code="w">2017-02-15</subfield>
    <subfield code="x">Institucional</subfield>
    <subfield code="y">DVD</subfield>
  </datafield>
</record>
